Statistics for Italian Culture

Click here to take the quiz!

General Stats

  • This quiz has been taken 47 times
  • The average score is 6 of 15

Answer Stats

QuestionAnswer% Correct
Italian city famous for its "Duomo"Milan/Milano
82%
Longest RiverPo
80%
City famous for its Arno RiverFlorence/Firenze
78%
Famous volcano which erupted in AD 79Vesuvius
71%
Italian AirlineAlitalia
62%
Italian inventor,sculptur and painter of the "Salvador Mundi"Leonardo Da Vinci/Leonardo
62%
Different types of languages spoken in every regionDialects
49%
Sea that skirts TarantoIonio/Ionian Sea
24%
Spot of the "Temples' Valley"Agrigento
18%
Typical dessert from NapoliBaba'
18%
Italian medival city heart of the Renaissance in the 15th century under the Estense DinastyFerrara
18%
Second most long group of mountainsAppeninni
13%
Pasta typical from SicilyNorma
13%
Mountain where San Marino is locatedTitanus/Titano
9%
Famous Italian marittime/coastal locationOstuni/Milano Marittima/San Vito Lo Capo/Ischia/Porto Cervo
0%

Score Distribution

Percentile by Number Answered

Percent of People with Each Score

Your Score History

You have not taken this quiz